Quiz wiedzy o finale Ligi Mistrzów 2023/24 - Statystyki

Ogólne statystyki
  • Ten quiz został rozwiązany 846 razy
  • Średni wynik to 11 z 20
Statystyki odpowiedzi
Zagadnienie Odpowiedź % Poprawnych
Jakim wynikiem zakończyło się finałowe spotkanie? 2:0 dla Realu Madryt
93%
Czy któryś z piłkarzy ujrzał czerwoną kartkę? Nie
84%
Kogo w półfinale wyeliminowała Borussia Dortmund? PSG
84%
Na jakim stadionie rozgrywany był mecz? Wembley
80%
Który piłkarz strzelił bramkę w finale? Dani Carvajal
79%
Który bramkarz wystąpił między słupkami Realu Madryt? Thibaut Courtois
71%
Kogo w półfinale wyeliminował Real Madryt? Bayern Monachium
69%
Na ławce rezerwowych Borussi Dortmund zasiadał polski bramkarz. Kto nim był? Marcel Lotka
69%
Która drużyna miała przewagę sytuacji bramkowych w pierwszej połowie? Borussia Dortmund
65%
Kto był trenerem Borussi Dortmund w finałowym meczu? Edin Terzić
65%
Który klub oddał więcej strzałów celnych w finałowym meczu? Real Madryt
56%
Czy w meczu padła bramka ze spalonego? Tak
54%
Który z zawodników Realu Madryt otrzymał żółtą kartkę? Vinicius Junior
53%
Czy Arda Guler wszedł z ławki rezerwowych? Nie
49%
Który zawodnik wystąpił na pozycji prawego obrońcy w Borussi Dortmund? Julian Ryerson
46%
W której minucie wszedł na boisko Luka Modrić? 65 - 90 minuta
34%
Jedna z drużyn uzyskała wynik 2.10 xG, a druga 1.24 xG. Która z nich była lepsza w tej statystyce? Borussia Dortmund
31%
Kto był sędzią spotkania? Slavko Vinčić
24%
W której połowie było więcej żółtych kartek? 1 połowa
20%
Który z wymienionych zawodników nie wystąpił w finałowym meczu? Niklas Sule
9%
Nie znaleziono quizów pasujących do podanych kryteriów
Rozkład punktacji
Procent ludzi z każdym wynikiem
Percentyl według liczby udzielonych odpowiedzi
Twoja historia wyników
Nie rozwiązałeś tego quizu